| 000 | 00444nam a22001457a 4500 | ||
|---|---|---|---|
| 082 |
_a659.2092 _bBER _cD |
||
| 100 |
_aBernays, Edward L. _944724 |
||
| 245 |
_aBiography of an idea: memoirs of public relations counsel. _cBernays, Edward L. |
||
| 260 |
_aNew York _bSimon and Schuster, Inc. _c1965 |
||
| 300 |
_a821 p.; _bill, : _c20cm |
||
| 526 |
_a0 _b0 _c0 _d659_209200000000000_BER |
||
| 650 |
_aD _96527 |
||
| 650 |
_aMCE _9379 |
||
| 942 |
_2ddc _cBK |
||
| 999 |
_c548433 _d548433 |
||